00754nam a2200229 a 4500001001300000003000900013005001700022008004100039020001000080082001700090100004000107245006000147260005900207300000800266500003500274650002300309700004000332902000800372942000700380952012000387999001700507nice12345678IN_TiNIC20260116015330.0090320s2007 riya grp 000 0 eng  ac10000a365.644bNAT aNational Society For Human Rights,  aGuantanamo Detention and the Violations of Human Rights aRiyadh, KSA bNational Society for Human Rights c2007 a81p aincludes index and biblioraphy aPunishment-Prisons1 aNational Society For Human Rights,  bSRS cBK 001040708StackRoom-aHMIbHMId2009-03-20g100.00l0o365.644 NATp11001704r2009-03-20v100.00w2009-03-20yBK c19271d19271